[Event "Canary Islands-chT"]
[Site "Tenerife"]
[Date "2025.06.12"]
[Round "1.6"]
[White "Alvarado Ascanio, Francisco"]
[Black "Lopez Reboso, Hector Emilio"]
[Result "1-0"]
[WhiteElo "2127"]
[BlackElo "1908"]
[PlyCount "101"]
[EventDate "2025.06.12"]
[EventType "team-swiss"]
[EventRounds "6"]
[EventCountry "ESP"]
[SourceTitle "CB25_2025"]
[SourceDate "2025.06.18"]
[SourceVersion "1"]
[SourceVersionDate "2025.06.18"]
[SourceQuality "1"]
[WhiteTeam "Caja de Canarias"]
[BlackTeam "Guia II"]
[WhiteTeamCountry "ESP"]
[BlackTeamCountry "ESP"]

1. d4 d5 2. c4 e6 3. Nc3 c6 4. e3 f5 5. Bd3 Nf6 6. Nge2 Bd6 7. f3 a6 8. c5 Bc7 9. Qc2 b5 10. cxb6 Bxb6 11. Na4 Ba5+ 12. Bd2 Bxd2+ 13. Qxd2 0-0 14. 0-0 Qd6 15. Qc3 Nbd7 16. Rac1 Bb7 17. Nc5 Nxc5 18. Qxc5 Qd8 19. Rc3 Re8 20. Rb3 Qd7 21. Qb6 Re7 22. Rc1 Qd6 23. Qc5 Qd8 24. Nf4 Qd7 25. Ne2 g6 26. Nc3 Qe8 27. Na4 Kg7 28. Qd6 Kf7 29. Nc5 Bc8 30. Rb6 Nd7 31. Rxc6 Ra7 32. Nxd7 Raxd7 33. Qe5 Bb7 34. R6c5 Qd8 35. b4 Rd6 36. a3 Rdd7 37. Ra5 Rc7 38. Rcc5 Rxc5 39. Rxc5 Kg8 40. h3 Kf7 41. Kh2 h5 42. Qf4 Kg7 43. a4 Qb6 44. Qe5+ Kh7 45. b5 axb5 46. Bxb5 g5 47. Qb8 Qa5 48. Qd6 Rg7 49. Qxe6 f4 50. Bd3+ Kh8 51. Rxa5 1-0

[Event "Riga RTU rapid op"]
[Site "Riga"]
[Date "2019.07.04"]
[Round "4"]
[White "Alvarado Ascanio, Francisco"]
[Black "Isakovs, Janis"]
[Result "1-0"]
[WhiteElo "2166"]
[BlackElo "1929"]
[PlyCount "59"]
[EventDate "2019.07.04"]
[EventType "swiss (rapid)"]
[EventRounds "9"]
[EventCountry "LAT"]
[SourceTitle "EXT 2020"]
[Source "ChessBase"]
[SourceDate "2019.10.17"]
[SourceVersion "1"]
[SourceVersionDate "2019.10.17"]
[SourceQuality "1"]

1. d4 c5 2. d5 e6 3. c4 exd5 4. cxd5 d6 5. Nc3 a6 6. a4 g6 7. Nf3 Bg7 8. Nd2 Nd7 9. Nc4 Ne5 10. Na3 f5 11. f4 Nf7 12. e3 Nf6 13. Bd3 0-0 14. 0-0 Re8 15. Qf3 Bd7 16. Bd2 Rb8 17. Rab1 Ne4 18. Nxe4 fxe4 19. Bxe4 Bxa4 20. Bd3 Bd7 21. Nc4 b5 22. Na5 Qb6 23. b3 Re7 24. Kh1 Rf8 25. Nc6 Bxc6 26. dxc6 Ne5 27. Qd5+ Kh8 28. fxe5 Rxf1+ 29. Rxf1 Rxe5 30. Bc3 1-0

[Event "Liga Insular Gran Canaria Preferente"]
[Site "Las Palmas"]
[Date "2019.03.23"]
[Round "4.2"]
[White "Rodriguez Melian, Jose Luis"]
[Black "Alvarado Ascanio, Francisco"]
[Result "1-0"]
[WhiteElo "2095"]
[BlackElo "2187"]
[PlyCount "119"]
[EventDate "2019.03.02"]
[EventType "team-tourn"]
[EventRounds "9"]
[EventCountry "ESP"]
[SourceTitle "EXT 2021"]
[Source "ChessBase"]
[SourceDate "2020.10.23"]
[SourceVersion "1"]
[SourceVersionDate "2020.10.23"]
[SourceQuality "1"]
[WhiteTeam "Guia Univac"]
[BlackTeam "Fundacion La Caja de Canarias"]
[WhiteTeamCountry "ESP"]
[BlackTeamCountry "ESP"]

1. d4 e6 2. c4 Nf6 3. g3 d5 4. Nf3 Be7 5. Bg2 0-0 6. 0-0 dxc4 7. Ne5 Qd6 8. Nxc4 Qa6 9. Qc2 Rd8 10. e3 c5 11. dxc5 Bxc5 12. b3 Be7 13. Ba3 Bxa3 14. Nbxa3 Nc6 15. Rfd1 Bd7 16. Qb2 Rab8 17. Rd6 Be8 18. Rad1 Nd5 19. Bxd5 Rxd6 20. Nxd6 exd5 21. Nxe8 Rxe8 22. Rxd5 f6 23. Nc4 b5 24. Qa3 Qxa3 25. Nxa3 a6 26. Nc2 Rc8 27. Rc5 Ne7 28. Rxc8+ Nxc8 29. Kg2 Kf7 30. Kf3 Nd6 31. e4 g5 32. Ke3 Ke6 33. f4 gxf4+ 34. gxf4 Nb7 35. Kd4 Kd6 36. Ne3 a5 37. Ng4 Ke6 38. f5+ Ke7 39. Kd5 h5 40. Nf2 Nd6 41. Nh3 b4 42. Nf4 Nb5 43. Kc5 Nc3 44. Nd5+ Kf7 45. Kb6 Nxa2 46. Kxa5 Nc1 47. Kxb4 Nd3+ 48. Kc4 Nf2 49. Kd4 Ng4 50. h3 Ne5 51. Nf4 h4 52. Ng6 Nf3+ 53. Kd5 Ng5 54. Nf4 Ke7 55. b4 Kd7 56. b5 Nf7 57. Ng6 Ng5 58. Nf4 Nf7 59. b6 Ng5 60. Ne6 1-0

[Event "Las Palmas Insular-chT Pref 1617"]
[Site "Las Palmas"]
[Date "2016.12.03"]
[Round "6.2"]
[White "Alvarado Ascanio, Francisco"]
[Black "Camino Carrio, Nicanor"]
[Result "1-0"]
[WhiteElo "2199"]
[BlackElo "1952"]
[PlyCount "81"]
[EventDate "2016.10.22"]
[EventType "team-tourn"]
[EventRounds "14"]
[EventCountry "ESP"]
[SourceTitle "EXT 2018"]
[Source "ChessBase"]
[SourceDate "2017.10.13"]
[SourceVersion "1"]
[SourceVersionDate "2017.10.13"]
[SourceQuality "1"]
[WhiteTeam "Tres W"]
[BlackTeam "Piscolabis Oleaje San Andres"]
[WhiteTeamCountry "ESP"]
[BlackTeamCountry "ESP"]

1. d4 Nf6 2. c4 g6 3. Nc3 Bg7 4. e4 d6 5. Be2 0-0 6. Nf3 e5 7. d5 a5 8. Bg5 Na6 9. Nd2 h6 10. Be3 Nc5 11. a3 Bd7 12. b4 axb4 13. axb4 Rxa1 14. Qxa1 Na6 15. Qa3 Nh7 16. c5 f5 17. c6 f4 18. Ba7 Qa8 19. cxb7 Qxa7 20. Qxa6 Qd4 21. Qc4 Qb6 22. 0-0 Qxb7 23. Ra1 g5 24. Nb5 Ra8 25. Rxa8+ Qxa8 26. Nxc7 Qa1+ 27. Nf1 g4 28. Ne6 Nf6 29. b5 Qa5 30. Bd3 Ne8 31. Be2 h5 32. h3 Nf6 33. hxg4 hxg4 34. Qc7 Qe1 35. b6 Qxe2 36. b7 g3 37. b8Q+ Kh7 38. fxg3 fxg3 39. Qca7 Ng4 40. Qb3 Qxe4 41. Ng5+ 1-0

[Event "Las Palmas Insular-chT Pref 1617"]
[Site "Las Palmas"]
[Date "2016.11.19"]
[Round "5.2"]
[White "Gutierrez Olivares, Daniel"]
[Black "Alvarado Ascanio, Francisco"]
[Result "1/2-1/2"]
[WhiteElo "2313"]
[BlackElo "2199"]
[PlyCount "51"]
[EventDate "2016.10.22"]
[EventType "team-tourn"]
[EventRounds "14"]
[EventCountry "ESP"]
[SourceTitle "EXT 2018"]
[Source "ChessBase"]
[SourceDate "2017.10.13"]
[SourceVersion "1"]
[SourceVersionDate "2017.10.13"]
[SourceQuality "1"]
[WhiteTeam "Grandama"]
[BlackTeam "Tres W"]
[WhiteTeamCountry "ESP"]
[BlackTeamCountry "ESP"]

1. d4 e6 2. Nf3 Nf6 3. Bf4 c5 4. e3 b6 5. Bd3 Bb7 6. Nbd2 Be7 7. c3 0-0 8. h3 cxd4 9. exd4 d6 10. 0-0 Re8 11. Re1 Nbd7 12. Qc2 a6 13. a4 Nf8 14. Ne4 Nxe4 15. Bxe4 Bxe4 16. Rxe4 d5 17. Re3 Ng6 18. Bg3 Bd6 19. Ne5 Bxe5 20. Bxe5 Nxe5 21. Rxe5 b5 22. Ra3 Qc7 23. Qd2 Rec8 24. Re1 Qb6 25. Rb3 Rc4 26. Ra1 1/2-1/2

[Event "Las Palmas Insular-chT Pref 1617"]
[Site "Las Palmas"]
[Date "2016.11.12"]
[Round "4.2"]
[White "Alvarado Ascanio, Francisco"]
[Black "Garcia Padron, Jose"]
[Result "0-1"]
[WhiteElo "2199"]
[BlackElo "2422"]
[PlyCount "92"]
[EventDate "2016.10.22"]
[EventType "team-tourn"]
[EventRounds "14"]
[EventCountry "ESP"]
[SourceTitle "EXT 2018"]
[Source "ChessBase"]
[SourceDate "2017.10.13"]
[SourceVersion "1"]
[SourceVersionDate "2017.10.13"]
[SourceQuality "1"]
[WhiteTeam "Tres W"]
[BlackTeam "Villa de Teror"]
[WhiteTeamCountry "ESP"]
[BlackTeamCountry "ESP"]

1. d4 Nf6 2. c4 e6 3. Nf3 b6 4. g3 Ba6 5. Qb3 Bb7 6. Bg2 c5 7. d5 g6 8. Nc3 exd5 9. cxd5 Bg7 10. 0-0 0-0 11. Nd2 d6 12. Nc4 Qe7 13. Bf4 Rd8 14. a4 Nh5 15. Bd2 Nd7 16. e4 Ne5 17. Nxe5 Bxe5 18. Nb5 Ba6 19. f4 Bg7 20. e5 Bxb5 21. axb5 dxe5 22. d6 Rxd6 23. Bc3 Rf8 24. fxe5 Bxe5 25. Bxe5 Qxe5 26. Rxa7 Nf6 27. Ra4 Rd4 28. Ra6 Qd6 29. Qf3 Kg7 30. Qc6 Rb8 31. Re1 Rd1 32. Qxd6 Rxd6 33. Bf1 Rb7 34. Bc4 Rd2 35. b3 Ng4 36. Re2 Rd1+ 37. Kg2 Kf6 38. h4 Ne5 39. Rf2+ Kg7 40. Rf4 Rd2+ 41. Kf1 f5 42. Ra8 Ng4 43. Rg8+ Kh6 44. Be2 Ne3+ 45. Kf2 Re7 46. Ke1 Rb2 0-1

[Event "Las Palmas Insular-chT Pref"]
[Site "Las Palmas "]
[Date "2015.11.07"]
[Round "2.1"]
[White "Cruz Pino, Adrian"]
[Black "Alvarado Ascanio, Francisco"]
[Result "1/2-1/2"]
[WhiteElo "2079"]
[BlackElo "2210"]
[PlyCount "168"]
[EventDate "2015.10.17"]
[EventType "team-tourn"]
[EventRounds "14"]
[EventCountry "ESP"]
[SourceTitle "CBM 170 Extra"]
[Source "ChessBase"]
[SourceDate "2016.02.25"]
[SourceVersion "1"]
[SourceVersionDate "2016.02.25"]
[SourceQuality "1"]
[WhiteTeam "Real Club Victoria"]
[BlackTeam "Tres W"]
[WhiteTeamCountry "ESP"]
[BlackTeamCountry "ESP"]

1. e4 e6 2. Nf3 d5 3. Nc3 Nf6 4. Qe2 Be7 5. d3 c5 6. g3 Nc6 7. Bg2 d4 8. Nb1 e5 9. 0-0 Bg4 10. h3 Bh5 11. g4 Bg6 12. Nh4 Nd7 13. Nxg6 hxg6 14. f4 exf4 15. Bxf4 Nde5 16. Nd2 Bg5 17. Bh2 Qe7 18. Kh1 Rd8 19. Nf3 Bf6 20. Qf2 Nxf3 21. Qxf3 Be5 22. Bg1 g5 23. a3 Rd6 24. Qf5 g6 25. Qf3 a5 26. Qe2 Kf8 27. c3 Kg7 28. c4 Nd8 29. Qd2 Nc6 30. Rf3 Rf6 31. Rxf6 Qxf6 32. Qf2 Qxf2 33. Bxf2 Bf4 34. Bf1 a4 35. Kg2 Na5 36. Be2 Nb3 37. Rb1 Nc1 38. Bf1 Rc8 39. Bg3 Bd2 40. Be1 Bf4 41. Bg3 Be3 42. Bf2 Bd2 43. Be1 Nb3 44. Bg3 Rc6 45. Be2 Nc1 46. Bd1 Nxd3 47. Bxa4 Rb6 48. Bb5 Bf4 49. Bf2 Be5 50. b4 Nf4+ 51. Kh2 cxb4 52. axb4 Ne2+ 53. Kg2 Nc3 54. Rc1 Nxe4 55. Rd1 Nc3 56. Rxd4 Nxb5 57. Rd5 Re6 58. Rxb5 Re7 59. Bc5 Rc7 60. Kf3 f6 61. Ke4 Kf7 62. Rb6 Rd7 63. Be3 Bc3 64. c5 Bb2 65. b5 Re7+ 66. Kd3 Ba3 67. Bd4 f5 68. gxf5 gxf5 69. Rf6+ Ke8 70. Rxf5 Bc1 71. Re5 Rxe5 72. Bxe5 Kd7 73. Ke4 Ba3 74. Kd5 Bb4 75. c6+ bxc6+ 76. bxc6+ Kc8 77. Ke4 Bd2 78. Kf5 Be3 79. Kg4 Bd2 80. Bf6 Kc7 81. Bxg5 Be1 82. Bh4 Bc3 83. Bg3+ Kxc6 84. h4 Kd7 1/2-1/2

[Event "Las Palmas Montalvo Memorial 8th"]
[Site "Las Palmas"]
[Date "2015.04.01"]
[Round "3"]
[White "Del Rey, Diego"]
[Black "Alvarado Ascanio, Francisco"]
[Result "1/2-1/2"]
[WhiteElo "2375"]
[BlackElo "2189"]
[PlyCount "128"]
[EventDate "2015.03.30"]
[EventType "swiss"]
[EventRounds "9"]
[EventCountry "ESP"]
[SourceTitle "EXT 2016"]
[Source "ChessBase"]
[SourceDate "2015.10.08"]
[SourceVersion "1"]
[SourceVersionDate "2015.10.08"]
[SourceQuality "1"]

1. e4 e6 2. d3 d5 3. Qe2 Nc6 4. Nf3 dxe4 5. Qxe4 Nf6 6. Qe2 Bd6 7. Nc3 h6 8. Bd2 Qe7 9. 0-0-0 e5 10. Nb5 a6 11. Nxd6+ cxd6 12. h3 Be6 13. Kb1 0-0-0 14. g4 g5 15. c4 Qc7 16. Bg2 Rhe8 17. Rhe1 Nd7 18. Bc3 Qb6 19. Nd2 Nc5 20. Qe3 f5 21. gxf5 Bxf5 22. Ne4 Bxe4 23. Bxe4 Qc7 24. Bg2 Ne6 25. Rc1 Kb8 26. Be4 Ncd4 27. h4 Qf7 28. hxg5 hxg5 29. Rh1 Rh8 30. b4 Qf4 31. Bd2 Rdf8 32. Rxh8 Rxh8 33. Rh1 Rxh1+ 34. Bxh1 Qg4 35. Qe1 Nf3 36. Bxf3 Qxf3 37. Be3 Qf5 38. Qd2 Nf4 39. Kc2 Ne6 40. Qc3 g4 41. Kd2 Nf4 42. Qa3 Kc7 43. b5 axb5 44. cxb5 Qe6 45. Qa4 Nd5 46. Qc4+ Kd7 47. b6 Ke7 48. Qe4 Kf6 49. Bh6 Ne7 50. Qxb7 Qxa2+ 51. Ke1 Qb1+ 52. Ke2 Qc2+ 53. Bd2 Qc6 54. Qxc6 Nxc6 55. b7 Ke7 56. Ba5 Kd7 57. Bb6 Nb8 58. Ke3 Kc6 59. Ba5 Kxb7 60. Ke4 Kc6 61. Kf5 Kd7 62. Kxg4 Nc6 63. Bc3 Nd4 64. Bb2 Ne6 1/2-1/2

[Event "Las Palmas Insular-chT Pref"]
[Site "Las Palmas"]
[Date "2015.03.07"]
[Round "9.3"]
[White "Ramirez Medina, Victor"]
[Black "Alvarado Ascanio, Francisco"]
[Result "1/2-1/2"]
[WhiteElo "2059"]
[BlackElo "2189"]
[PlyCount "104"]
[EventDate "2014.11.22"]
[EventType "team-tourn"]
[EventRounds "14"]
[EventCountry "ESP"]
[SourceTitle "EXT 2016"]
[Source "ChessBase"]
[SourceDate "2015.10.08"]
[SourceVersion "1"]
[SourceVersionDate "2015.10.08"]
[SourceQuality "1"]
[WhiteTeam "La Caja de Vecindario"]
[BlackTeam "Tres W"]
[WhiteTeamCountry "ESP"]
[BlackTeamCountry "ESP"]

1. e4 e6 2. d4 d5 3. Nd2 dxe4 4. Nxe4 Bd7 5. Nf3 Bc6 6. Bd3 Nd7 7. c4 Ngf6 8. Nc3 Be7 9. 0-0 Bxf3 10. Qxf3 c6 11. Rd1 0-0 12. b3 Re8 13. Bb2 Qa5 14. h3 Ba3 15. Bxa3 Qxa3 16. b4 g6 17. Be2 a5 18. b5 Qd6 19. Rab1 Qc7 20. Rb2 Kg7 21. bxc6 bxc6 22. Rdb1 Qd6 23. Rb7 Rab8 24. Qd3 Rxb7 25. Rxb7 Rd8 26. Rb1 Qf4 27. Qe3 Qd6 28. Bf3 Nf8 29. Ne2 N8d7 30. g4 h6 31. h4 e5 32. g5 hxg5 33. hxg5 Ng8 34. Rd1 Re8 35. Bg4 Nf8 36. Ng3 Nh7 37. d5 cxd5 38. cxd5 Qd8 39. Ne4 f5 40. gxf6+ Ngxf6 41. Bf3 Nxe4 42. Bxe4 Nf6 43. Bg2 Nh5 44. d6 Nf4 45. d7 Re7 46. Qc5 Kf6 47. Rd6+ Re6 48. Qc8 Ke7 49. Rxe6+ Nxe6 50. Bc6 Nd4 51. Ba4 Ne6 52. Qc6 Nd4 1/2-1/2

[Event "Las Palmas Insular-chT Pref"]
[Site "Las Palmas"]
[Date "2015.02.07"]
[Round "7.3"]
[White "Rodriguez Melian, Jose Luis"]
[Black "Alvarado Ascanio, Francisco"]
[Result "1-0"]
[WhiteElo "2099"]
[BlackElo "2189"]
[PlyCount "79"]
[EventDate "2014.11.22"]
[EventType "team-tourn"]
[EventRounds "14"]
[EventCountry "ESP"]
[SourceTitle "EXT 2016"]
[Source "ChessBase"]
[SourceDate "2015.10.08"]
[SourceVersion "1"]
[SourceVersionDate "2015.10.08"]
[SourceQuality "1"]
[WhiteTeam "Guia Univac"]
[BlackTeam "Tres W"]
[WhiteTeamCountry "ESP"]
[BlackTeamCountry "ESP"]

1. d4 e6 2. g3 Nf6 3. Bg2 d5 4. Nf3 b5 5. 0-0 c5 6. a4 b4 7. c4 bxc3 8. Nxc3 Nc6 9. Bf4 Bd6 10. Bxd6 Qxd6 11. Nb5 Qe7 12. dxc5 0-0 13. Rc1 a5 14. Nfd4 Nb4 15. Qd2 Ba6 16. Nd6 Nd7 17. Nb3 Nxc5 18. Rxc5 Qxd6 19. Rfc1 Qb6 20. Nxa5 Bxe2 21. Nc6 Na2 22. a5 Qa6 23. Ra1 Bc4 24. b4 Kh8 25. Rxa2 Bxa2 26. Qxa2 Qd3 27. Bf1 Qd1 28. Qe2 Qa1 29. Qe3 Rfe8 30. Rc1 Qb2 31. Qc3 Qxc3 32. Rxc3 Rec8 33. a6 d4 34. Rc2 e5 35. Bd3 g6 36. b5 f5 37. Nxe5 Re8 38. Nc6 Re1+ 39. Kg2 Rd1 40. Ne5 1-0

[Event "Las Palmas Insular-chT Pref 1314"]
[Site "Agaete"]
[Date "2014.03.29"]
[Round "13.2"]
[White "Alvarado Ascanio, Francisco"]
[Black "Garcia Blanco, Omar"]
[Result "1-0"]
[WhiteElo "2175"]
[BlackElo "2287"]
[PlyCount "67"]
[EventDate "2013.11.09"]
[EventType "team-tourn"]
[EventRounds "14"]
[EventCountry "ESP"]
[SourceTitle "EXT 2015"]
[Source "ChessBase"]
[SourceDate "2014.11.20"]
[SourceVersion "1"]
[SourceVersionDate "2014.11.20"]
[SourceQuality "1"]
[WhiteTeam "Tres W"]
[BlackTeam "La Caja de Vecindario"]
[WhiteTeamCountry "ESP"]
[BlackTeamCountry "ESP"]

1. d4 Nf6 2. c4 c5 3. d5 b5 4. a4 bxc4 5. Nc3 d6 6. e4 g6 7. Bxc4 Bg7 8. f4 0-0 9. Nf3 Ba6 10. Bb5 e6 11. dxe6 fxe6 12. 0-0 d5 13. Ng5 Bxb5 14. axb5 Re8 15. e5 Nbd7 16. exf6 Nxf6 17. Re1 Qd7 18. Ra6 d4 19. Raxe6 Rxe6 20. Nxe6 Re8 21. Nxc5 Qf7 22. N3e4 Nxe4 23. Rxe4 Rxe4 24. Nxe4 Qd5 25. Nd2 Qf5 26. Qf3 h5 27. Qe4 Qxb5 28. b3 Qc5 29. Qe6+ Kh8 30. Qc4 Qa5 31. Nf3 Qa1 32. Ng5 Qc3 33. Qxc3 dxc3 34. Kf1 1-0

[Event "Gran Canaria Dominguez Memoral 1st"]
[Site "Gran Canaria"]
[Date "2014.03.17"]
[Round "1"]
[White "Manchon Santana, Alberto"]
[Black "Alvarado Ascanio, Francisco"]
[Result "0-1"]
[WhiteElo "1620"]
[BlackElo "2175"]
[PlyCount "52"]
[EventDate "2014.03.17"]
[EventType "swiss"]
[EventRounds "7"]
[EventCountry "ESP"]
[SourceTitle "EXT 2015"]
[Source "ChessBase"]
[SourceDate "2014.11.20"]
[SourceVersion "1"]
[SourceVersionDate "2014.11.20"]
[SourceQuality "1"]

1. d4 e6 2. c4 Nf6 3. Nc3 Bb4 4. e3 b6 5. Bd3 Bb7 6. Nge2 Bxg2 7. Rg1 Be4 8. Rxg7 Bg6 9. Nf4 Bf8 10. Rxg6 hxg6 11. Qf3 Nc6 12. Ne4 Bg7 13. Nxf6+ Qxf6 14. Be4 e5 15. d5 Nd8 16. d6 c6 17. Bd2 Qxd6 18. 0-0-0 Rh6 19. a3 exf4 20. Bc3 Qf8 21. Bb4 Qh8 22. Rxd7 Kxd7 23. Bxc6+ Nxc6 24. Qd5+ Kc7 25. Qd6+ Kb7 26. Qd7+ Ka6 0-1

[Event "Las Palmas Insular-chT Pref 1314"]
[Site "Agaete"]
[Date "2014.02.08"]
[Round "9.2"]
[White "Rodriguez Melian, Jose Luis"]
[Black "Alvarado Ascanio, Francisco"]
[Result "0-1"]
[WhiteElo "2068"]
[BlackElo "2175"]
[PlyCount "118"]
[EventDate "2013.11.09"]
[EventType "team-tourn"]
[EventRounds "14"]
[EventCountry "ESP"]
[SourceTitle "EXT 2015"]
[Source "ChessBase"]
[SourceDate "2014.11.20"]
[SourceVersion "1"]
[SourceVersionDate "2014.11.20"]
[SourceQuality "1"]
[WhiteTeam "Univacit Guia"]
[BlackTeam "Tres W"]
[WhiteTeamCountry "ESP"]
[BlackTeamCountry "ESP"]

1. d4 e6 2. g3 Nf6 3. c4 Bb4+ 4. Bd2 Be7 5. Nf3 d5 6. Bg2 0-0 7. Qc2 c6 8. 0-0 Nbd7 9. Rd1 b6 10. Bg5 h6 11. Bxf6 Bxf6 12. Nbd2 Bb7 13. e4 Rc8 14. e5 Be7 15. cxd5 cxd5 16. Qa4 a6 17. Rac1 b5 18. Qb3 Nb6 19. Rc2 Qd7 20. Rdc1 Nc4 21. Re1 Na5 22. Qd3 Rxc2 23. Qxc2 Rc8 24. Qb1 Qc7 25. Bf1 Qc2 26. Bd3 Qxb1 27. Rxb1 Nc4 28. Kf1 a5 29. Ke2 b4 30. b3 Na3 31. Rb2 Bc6 32. Nb1 Bb5 33. Bxb5 Nxb5 34. Kd3 Rc1 35. Nfd2 Bd8 36. Nf3 Bb6 37. Rc2 Rxc2 38. Kxc2 Nxd4+ 39. Nxd4 Bxd4 40. f4 Bg1 41. Nd2 Bxh2 42. Nf1 Bg1 43. Kd3 h5 44. Nd2 Bf2 45. Nf1 f6 46. Ke2 Bb6 47. exf6 gxf6 48. Kf3 Kf7 49. g4 hxg4+ 50. Kxg4 f5+ 51. Kf3 Kf6 52. Ng3 e5 53. Nh5+ Kg6 54. Ng3 e4+ 55. Ke2 d4 56. Kd2 Bc7 57. Ne2 d3 58. Nd4 Bxf4+ 59. Kd1 Kf6 0-1

[Event "Las Palmas Insular-chT Pref qual"]
[Site "San Fernando"]
[Date "2013.04.06"]
[Round "1.2"]
[White "Alvarado Ascanio, Francisco"]
[Black "Diaz Diaz, Abel"]
[Result "1/2-1/2"]
[WhiteElo "2178"]
[BlackElo "2094"]
[PlyCount "89"]
[EventDate "2013.04.06"]
[EventType "team-tourn"]
[EventRounds "3"]
[EventCountry "ESP"]
[SourceTitle "EXT 2014"]
[Source "ChessBase"]
[SourceDate "2013.11.20"]
[SourceVersion "1"]
[SourceVersionDate "2013.11.20"]
[SourceQuality "1"]
[WhiteTeam "Cajota 64"]
[BlackTeam "Univacit Guia"]
[WhiteTeamCountry "ESP"]
[BlackTeamCountry "ESP"]

1. d4 Nf6 2. Nf3 g6 3. c4 Bg7 4. Nc3 d6 5. e4 0-0 6. Be2 Nbd7 7. 0-0 c5 8. Re1 cxd4 9. Nxd4 Ne5 10. h3 Bd7 11. b3 Nc6 12. Nc2 Nh5 13. Bd2 Nf4 14. Bf1 f5 15. Rc1 fxe4 16. Nxe4 Ne5 17. Re3 Bh6 18. Ne1 Bc6 19. Qc2 Qd7 20. Nc3 Ne6 21. Rg3 Nd4 22. Qd1 Bg7 23. Nd3 Nf5 24. Nxe5 Bxe5 25. Rd3 Rf7 26. Nd5 e6 27. Ne3 Be4 28. Nxf5 gxf5 29. Re3 Bd4 30. Rg3+ Rg7 31. Rxg7+ Qxg7 32. Qe1 Re8 33. Bc3 Bxc3 34. Qxc3 Qxc3 35. Rxc3 b6 36. g3 Kf7 37. Bg2 Bxg2 38. Kxg2 h5 39. Rd3 Rd8 40. Rd4 Kf6 41. Kf3 e5 42. Rd5 Ke6 43. a4 a6 44. Ke3 Rb8 45. Rd1 1/2-1/2

[Event "Las Palmas Insular-chT Pref"]
[Site "Las Palmas"]
[Date "2011.12.10"]
[Round "3.3"]
[White "Alvarado Diaz, Alejandro"]
[Black "Alvarado Ascanio, Francisco"]
[Result "1-0"]
[WhiteElo "2219"]
[BlackElo "2217"]
[PlyCount "87"]
[EventDate "2011.11.12"]
[EventType "team-tourn"]
[EventRounds "14"]
[EventCountry "ESP"]
[SourceTitle "EXT 2013"]
[Source "ChessBase"]
[SourceDate "2012.11.22"]
[SourceVersion "1"]
[SourceVersionDate "2012.11.22"]
[SourceQuality "1"]
[WhiteTeam "Canarias Vecindario"]
[BlackTeam "Canarias de Las Palmas"]
[WhiteTeamCountry "ESP"]
[BlackTeamCountry "ESP"]

1. Nf3 d5 2. g3 e6 3. Bg2 Nf6 4. 0-0 Be7 5. b3 c5 6. c4 Nc6 7. Bb2 d4 8. d3 0-0 9. Nbd2 e5 10. b4 cxb4 11. a3 bxa3 12. Bxa3 Bxa3 13. Rxa3 h6 14. Qa1 Re8 15. Nb3 Qc7 16. Nfd2 Bg4 17. Re1 Re7 18. Qb2 Rae8 19. Nc5 Bc8 20. Rea1 h5 21. Qb4 h4 22. Bxc6 bxc6 23. Qa5 hxg3 24. hxg3 Bf5 25. Qxc7 Rxc7 26. Rxa7 Rxa7 27. Rxa7 Rb8 28. Ndb3 e4 29. Nxd4 exd3 30. exd3 Bg4 31. Ra2 Nd7 32. Nxd7 Bxd7 33. Ra7 Bg4 34. Nxc6 Rb3 35. Ne5 Bf5 36. Rxf7 Bxd3 37. Rd7 Be4 38. g4 Rc3 39. g5 Kh7 40. Rd4 Bb7 41. f4 Rc2 42. g6+ Kh6 43. Rd8 Kh5 44. Rh8# 1-0